00165nam a2200073 4500082002000000245002400020260003900044300000800083 a532 MECb007561 aMechanics of Fluids bOpen University of Sri Lankac1991 a174